Statistiques concernant Intercommunalités du Pas-de-Calais

Cliquez ici pour prendre le quiz!

Statistiques générales

  • Ce quiz a été pris 23 fois
  • Le résultat moyen est 8 sur 19

Statistiques - réponses

Nombres de CommunesIntercommunalités% Correct
46Communauté urbaine d'Arras
91%
36Communauté d'agglomération de Lens-Liévin
78%
14Communauté d'agglomération Grand Calais Terres et Mers
78%
22Communauté d'agglomération du Boulonnais
74%
53Communauté d'agglomération du Pays de Saint-Omer
74%
100Communauté d'agglomération de Béthune-Bruay, Artois-Lys Romane
61%
46Communauté d'agglomération des Deux Baies en Montreuillois
48%
14Communauté d'agglomération Hénin-Carvin
48%
64Communauté de communes du Sud-Artois
30%
103 (dont 01 dans la Somme)Communauté de communes du Ternois
30%
21Communauté de communes de la Terre des Deux Caps
26%
31Communauté de communes de Desvres - Samer
22%
69Communauté de communes des 7 Vallées
17%
49Communauté de communes Osartis Marquion
17%
96Communauté de communes des Campagnes de l'Artois
13%
49Communauté de communes du Haut Pays du Montreuillois
13%
36Communauté de communes du Pays de Lumbres
13%
23Communauté de communes Pays d'Opale
13%
15Communauté de communes de la Région d'Audruicq
9%

Distribution des résultats

Percentile par nombre de réponses

% des personnes avec chaque résultat

Votre développement - résultats

Vous n’avez pas pris ce quiz